Contabilidad y presupuesto en la administración pública (Registro nro. 3190)

Detalles MARC
000 -LEADER
fixed length control field 01110 a2200229 4500
001 - CONTROL NUMBER
control field 40271
005 - DATE AND TIME OF LATEST TRANSACTION
control field 20260407155657.0
008 - FIXED-LENGTH DATA ELEMENTS--GENERAL INFORMATION
fixed length control field 260407a2013 arg spa d
003 - CONTROL NUMBER IDENTIFIER
control field AR-UNSa-BCEJYS
040 ## - CATALOGING SOURCE
Original cataloging agency AR-UNSa-BCEJYS
Language of cataloging spa
Transcribing agency AR-UNSa-BCEJYS
080 ## - UNIVERSAL DECIMAL CLASSIFICATION NUMBER
Universal Decimal Classification number 336.14
Common auxiliary subdivision Presupuesto público. Presupuesto nacional
020 ## - INTERNATIONAL STANDARD BOOK NUMBER
International Standard Book Number 978-987-660-187-0
041 ## - LANGUAGE CODE
Language code of text/sound track or separate title spa
100 1# - MAIN ENTRY--PERSONAL NAME
Personal name Gurruchaga, Angel
245 10 - TITLE STATEMENT
Title Contabilidad y presupuesto en la administración pública
264 #1 - PRODUCTION, PUBLICATION, DISTRIBUTION, MANUFACTURE, AND COPYRIGHT NOTICE
Place of production, publication, distribution, manufacture Buenos Aires :
Name of producer, publisher, distributor, manufacturer EDICON (Fondo Editorial Consejo)
Date of production, publication, distribution, manufacture, or copyright notice 2013
300 ## - PHYSICAL DESCRIPTION
Extent 100 p.
Dimensions 21 cm.
505 ## - FORMATTED CONTENTS NOTE
Formatted contents note 1. Una reflexión preliminar - 2. Breve introducción a la actividad gubernamental - 3. La propuesta - 4. La gestión gubernamental - 5. Algunas explicaciones previas - 6. El sistema presupuestario - 7. El sistema contable - 8. Presupuesto y contabilidad en el gobierno - 9. Cómo funciona estos sistemas - 10. Presupuesto y contabilidad
590 ## - LOCAL NOTE (RLIN)
Local note niveau_biblio:m niveau_hierar:0
856 41 - ELECTRONIC LOCATION AND ACCESS
Uniform Resource Identifier <a href="https://biblioeco.unsa.edu.ar/pmb/images/libros/Contabilidad_y_presupuesto.jpg">https://biblioeco.unsa.edu.ar/pmb/images/libros/Contabilidad_y_presupuesto.jpg</a>
Link text Imagen de portada
Electronic format type image/jpeg
942 ## - ADDED ENTRY ELEMENTS (KOHA)
Koha item type
Existencias
Withdrawn status Lost status Damaged status Not for loan Home library Current library Shelving location Date acquired Total checkouts Full call number Barcode Date last seen Price effective from Koha item type
        Biblioteca Prof. Eusebio Cleto del Rey Biblioteca Prof. Eusebio Cleto del Rey   07/04/2026   336.14 G978 L125795 07/04/2026 07/04/2026 Libro